Perspectives on postindustrial society : Papers presented at the Joint United States-Japan Symposium 1968: Postindustrial society, September 25-27, 1968, Tokyo, Japan

This book focuses its attention on one of the crurcial sectors in the economic development of Asia, discussing pass and current trends in agricultural development, problem areas in the production of particular crops, and the development of agriculture-related industries in the developing member nati...

詳細記述

保存先:
書誌詳細
フォーマット: 図書
言語:Undetermined
出版事項: Tokyo, Japan University of Tokyo Press 1970
主題:
タグ: タグ追加
タグなし, このレコードへの初めてのタグを付けませんか!
Thư viện lưu trữ: Trung tâm Học liệu Trường Đại học Cần Thơ
LEADER 01155nam a2200217Ia 4500
001 CTU_219167
008 210402s9999 xx 000 0 und d
082 |a 306.46 
082 |b P426 
245 0 |a Perspectives on postindustrial society : 
245 0 |b Papers presented at the Joint United States-Japan Symposium 1968: Postindustrial society, September 25-27, 1968, Tokyo, Japan 
245 0 |c Edited by Yujiro Hayashi 
260 |a Tokyo, Japan 
260 |b University of Tokyo Press 
260 |c 1970 
520 |a This book focuses its attention on one of the crurcial sectors in the economic development of Asia, discussing pass and current trends in agricultural development, problem areas in the production of particular crops, and the development of agriculture-related industries in the developing member nations of the Asian Development Bank. 
650 |a Văn minh, hiện đại,Technology and civilization,Civilization, Modern,Văn minh và công nghệ 
650 |x Hội nghị,Congresses,Congresses,Hội nghị 
650 |y 1950-,1950- 
904 |i Qhieu 
980 |a Trung tâm Học liệu Trường Đại học Cần Thơ